Drapeaux nocturnes (noir et blanc) - Statistiques

Statistiques générales
  • Ce quiz a été pris 181 fois
    172 depuis la dernière actualisation
  • Le résultat moyen est 8 sur 10
Statistiques - réponses
Question Réponse % Correct
Kazakhstan
98%
Suriname
97%
Iran
97%
Tunisie
92%
Laos
89%
Andorre
85%
Qatar
75%
Bangladesh
74%
Suède
62%
Libye
60%
Aucun quiz correspondant
Distribution des résultats
% des personnes avec chaque résultat
Percentile par nombre de réponses
Votre historique - résultats
Vous n’avez pas pris ce quiz depuis la dernière actualisation